Gulf War Belligerents - Statistics

General Stats
  • This quiz has been taken 197 times
  • The average score is 6 of 6
Answer Stats
Answer % Correct
United States
99%
Iraq
96%
United Kingdom
95%
Kuwait
92%
Saudi Arabia
90%
France
79%
No matching quizzes found
Score Distribution
Percent of People with Each Score
Percentile by Number Answered
Your Score History
You have not taken this quiz